| 000 | 00444nam a2200157Ia 4500 | ||
|---|---|---|---|
| 008 | 210716s2019 xx 000 0 und d | ||
| 020 | _a9789353286095 | ||
| 041 | _aeng | ||
| 082 | _a374.22 WENL | ||
| 100 | _aWentz, Lisa | ||
| 245 |
_aGrace under pressure: a masterclass in public speaking. _bMasterclass in public speaking. |
||
| 250 | _a1 | ||
| 260 |
_aNew Delhi _bSage Publications _c2019 |
||
| 300 | _a208 | ||
| 650 | _aGeneral Knowledge | ||
| 999 |
_c211389 _d211389 |
||